00681 2200241 4500001002100000005001500021035002000036007000300056008004100059020002200100082000800122084001400130100002000144245007700164250001000241260003800251300003200289700001700321504005000338600002900388990001100417990001100428INLIS00000000000436720191031114821 a0010-1019000219ta191031 g 0 ind  a978-979-002-749-7 a636 a636 BAG s0 aBAGUS, Harianto1 a10 Usaha Ternak Paling Potensial /cBagus Harianto; editor, YH. Indriani acet.1 aJakarta :bPenebar Swadaya,c2017 a139 hlm. :bilus. ;c23 cm.0 aYH, Indriani aGlosarium: hlm.137; Bibliografi: hlm. 138-139 4aPETERNAKAN. USAHA TERNAK a7021 a a7021 b